Statistics for NBA Players by Picture

Click here to take the quiz!

General Stats

  • This quiz has been taken 337 times
  • The average score is 7 of 8

Answer Stats

Answer% Correct
Michael Jordan
98%
Joel Embiid
97%
Russell Westbrook
97%
Allen Iverson
96%
Damian Lillard
95%
Charles Barkley
93%
Vince Carter
87%
Karl Malone
85%

Score Distribution

Percentile by Number Answered

Percent of People with Each Score

Your Score History

You have not taken this quiz